/گزرتے لمحوں کی چا پ (Record no. 109424)

MARC details
000 -LEADER
fixed length control field 00714nam a22002417a 4500
010 ## - LIBRARY OF CONGRESS CONTROL NUMBER
LC control number B-122824
020 ## - INTERNATIONAL STANDARD BOOK NUMBER
International Standard Book Number 8189575007
Terms of availability 225.00
035 ## - SYSTEM CONTROL NUMBER
System control number B-122824
037 ## - SOURCE OF ACQUISITION
Stock number Cen Lib/Ret
040 ## - CATALOGING SOURCE
Original cataloging agency DPL
Language of cataloging UR
082 ## - DEWEY DECIMAL CLASSIFICATION NUMBER
Classification number ک
Item number ر ا م
100 ## - MAIN ENTRY--PERSONAL NAME
Personal name لعل رام
9 (RLIN) 656
245 ## - TITLE STATEMENT
Title /گزرتے لمحوں کی چا پ
Remainder of title رام لعل
246 ## - VARYING FORM OF TITLE
Title proper/short title Guzarte lamho ki chaap /
Remainder of title by Ram Lal
260 ## - PUBLICATION, DISTRIBUTION, ETC. (IMPRINT)
Place of publication, distribution, etc نی دہلی
Name of publisher, distributor, etc اردو بک سوسائٹی
Date of publication, distribution, etc 2005
270 ## - ADDRESS
Address دریاگنج
300 ## - PHYSICAL DESCRIPTION
Extent 225p.
Dimensions 22cm(Hb)
650 ## - SUBJECT ADDED ENTRY--TOPICAL TERM
Topical term or geographic name as entry element اردو ادب
9 (RLIN) 141798
650 ## - SUBJECT ADDED ENTRY--TOPICAL TERM
Topical term or geographic name as entry element کہانیاں
9 (RLIN) 141799
650 ## - SUBJECT ADDED ENTRY--TOPICAL TERM
Topical term or geographic name as entry element Urdu literature
9 (RLIN) 141800
650 ## - SUBJECT ADDED ENTRY--TOPICAL TERM
Topical term or geographic name as entry element stories
9 (RLIN) 7500
942 ## - ADDED ENTRY ELEMENTS (KOHA)
Source of classification or shelving scheme Dewey Decimal Classification
Koha item type Urdu Bks
Classification part ک
Call number suffix ر ا م
Holdings
Withdrawn status Lost status Damaged status Not for loan Home library Current library Date acquired Source of acquisition Cost, normal purchase price Total Checkouts Total Renewals Full call number Barcode Date last seen Date checked out Copy number Cost, replacement price Price effective from Koha item type
        Central Library Central Library 10/03/2016 Cen Lib/Ret 225.00 2 3 ک ر ا م B-122824 27/04/2022 19/03/2022 1 225.00 15/09/2016 Urdu Bks

© Delhi Public Library
Hit Counter
free hit counter